000 00694nam a2200217 i 4500
001 80386
003 ES-MaACL
005 20230906174214.0
007 t|
008 150311s1970 fr ||||1| fre d
100 0 _aCabanis, José.
_933148
245 1 3 _aLe sacre de Napoléon
_b: 2 décembre 1804 /
_cJosé Cabanis.
260 _a[Paris] :
_bGallimard,
_c1970.
300 _a288 p. :
_bil. ;
_c21 cm.
490 1 _aTrente journées qui ont fait la France ;
_v21
504 _aBibliogr. p. [271]-275.
600 0 4 _aNapoleón
_bI
_c, Emperador de Francia.
_984910
830 0 _aTrente journées qui ont fait la France ;
_v21
_9182109
852 _aES-MaACL
_jE-15467
999 _c80386
_d80386